Quien es quien en España : edición 1990 edición 1990
ISBN:
84-404-6905-5
Descripción Física:
1376 p. ; 18 cm
MARC
| LEADER | 00000nam a2200000Ia 4500 | ||
|---|---|---|---|
| 001 | 18180 | ||
| 008 | 160829s1990 xx 000 0 cat d | ||
| 020 | |a 84-404-6905-5 | ||
| 080 | |a O-1-134 | ||
| 245 | |a Quien es quien en España : |b edición 1990 | ||
| 260 | |a Madrid : |b Jose Luís Campillo Alonso, |c 1990 | ||
| 300 | |a 1376 p. ; |c 18 cm | ||
| 590 | |a Índex | ||
| 650 | |a Espanya |x Directoris |x 1990 |9 31582 | ||
| 650 | |a Espanya |x Biografia |x Diccionaris |x Castellà |9 28586 | ||
| 901 | |a Arxiu | ||
| 942 | |n 1 | ||
| 952 | |0 0 |1 0 |4 0 |6 O1134 |7 1 |9 45680 |a Arxiu |b Arxiu |d 2016-12-01 |l 0 |o O-1-134 |p 18180 |r 2016-12-01 00:00:00 |w 2016-12-01 |y ARXIU | ||
| 999 | |c 49180 |d 49180 | ||